Complejo Forestal e Industrial Nueva Aldea

Salvato in:
Dettagli Bibliografici
Ente Autore: Celulosa Arauco y Constitución S.A (Autore)
Natura: Libro
Lingua:spagnolo
Pubblicazione: Celulosa Arauco y Constitución S.A 2006
Edizione:1a. ed
Soggetti:
Tags: Aggiungi Tag
Nessun Tag, puoi essere il primo ad aggiungerne!!

MARC

LEADER 00000cam a2200000 a 4500
001 UCH3423
003 CL-VaPUC
008 090723e20061200CL |||||||||||||||||spa|d
082 0 4 |a 676  |b CEL  |2 21 
110 2 |a Celulosa Arauco y Constitución S.A  |e author  |9 538779 
245 1 0 |a Complejo Forestal e Industrial Nueva Aldea 
250 |a 1a. ed 
300 |a 149 p 
942 |c BK 
945 |d 20090723 00:00:00  |a dcastane 
260 |b Celulosa Arauco y Constitución S.A  |c 2006 
650 7 |a CELULOSA  |2 CL-VaPUC  |9 365812 
650 7 |a PAPEL  |2 CL-VaPUC  |9 538780 
650 7 |a INDUSTRIA PAPELERA  |2 CL-VaPUC  |9 262993 
650 0 |a Desarrollo sustentable  |9 333905 
650 0 |a Desarrollo económico  |9 259599 
650 0 |a Producción industrial  |9 307907 
651 7 |a CHILE  |2 CL-VaPUC  |9 538781 
651 0 |a Constitución  |z Región del Maule, Chile  |9 538782 
583 |a last modification  |c 20180314 14:49:24  |k Rodrigo Vera 
999 |c 334992  |d 334990 
952 |0 0  |1 0  |4 0  |6 676_000000000000000_CEL_2006  |7 0  |8 X  |9 424440  |a FDOBUD  |b FDOBUD  |d 2019-11-22  |i 4578627  |o 676 CEL 2006  |p 4578627  |r 2019-11-22  |w 2019-11-22  |y BK_X  |k BUD